000 00690nam a2200217Ia 4500
005 20241129115919.0
008 241129s9999||||xx |||||||||||||| ||und||
020 _a9781009197175
037 _aTB
040 _aSDCL
_beng
_cSDCL
041 _aeng
_2eng
084 _aWv, R2
_qSDCL
100 _aKrishnan Rajan Kurai; Sriramachandran Ravindran; Subagunarajan V. M. S.
_9728647
245 0 _aRule of the commoner : DMK and the formations of the political in Tamil Nadu, 1949-1967
260 _aNew Delhi
_bCambridge University Press
_c2022
300 _axiv,299p.
365 _aINR
_b995
650 _aPolitical Science
942 _cTB
_hWv, R2
999 _c1232556
_d1232556